|
|
|
|
| LEADER |
00983nam a2200265 a 4500 |
| 001 |
00024584 |
| 008 |
120315s2011 ilu b 001 0 eng d |
| 020 |
|
|
|a 0956355617
|
| 020 |
|
|
|a 9780956355614
|
| 040 |
|
|
|a BD-DhAAL
|c BD-DhAAL
|
| 082 |
0 |
0 |
|a 006.7/6
|2 21
|
| 100 |
1 |
|
|a Rhoton,John.
|
| 245 |
1 |
0 |
|a Cloud computing architected /
|c John Rhoton and Risto Haukioja.
|
| 260 |
|
|
|a Tunbridge Wells, Kent :
|b Recursive Press,
|c c2011.
|
| 300 |
|
|
|a xviii, 363 p. :
|b ill. ;
|c 25 cm.
|
| 500 |
|
|
|a Solution design handbook-cover
|
| 504 |
|
|
|a Includes bibliographical references (p.357-360) and index.
|
| 541 |
1 |
|
|e 00024584
|
| 650 |
|
0 |
|a Cloud computing.
|
| 650 |
|
0 |
|a Computer architecture.
|
| 700 |
1 |
|
|a Haukioja,Risto.
|
| 852 |
1 |
|
|a Ayesha Abed Library
|j General shelf
|
| 942 |
0 |
0 |
|0 1
|
| 999 |
|
|
|c 11971
|d 11971
|
| 952 |
|
|
|0 0
|1 0
|4 0
|6 006_760000000000000_RHO
|7 0
|9 19683
|a BRACUL
|b BRACUL
|c GEN
|d 2012-03-14
|e Trim Education
|g 3690.00
|l 7
|m 62
|o 006.76 RHO
|p 3010024584
|r 2026-01-08
|s 2026-01-08
|t 1
|w 2012-03-15
|y BK
|